000
00273 a2200097 4500
001
79029
090
_c
39523
_d
39523
100
_a
Kaleem Muhammad Arayan
245
_a
Seerat quiz: Hayat-e- Syed-ul-Ambiaa sulallah-o-Alaihe Wasallum swalun Jawabun
260
_b
Sang-e-Meel Publications
942
_a
NUST-CAE
999
_c
314102
_d
314102